Words in Sneakers O'Toole Verse 1 - Statistics

General Stats
  • This quiz has been taken 49 times
  • The average score is 5 of 9
Answers on the Grid
Answers color-coded by a green-red scale on the quiz's grid according to % correct below.
Those
The
Taking
Take
Son
Sneakers
Shoes
I'm
Peter
burnt peanut
Off
O'Toole
This
Want
Not
No
I
You
His
Hey
Am
Em
Dumb
My
Day
 
Answer Stats
Answer % Correct
I'm
86%
Not
86%
I
57%
My
57%
Taking
57%
Sneakers
43%
Am
29%
Off
29%
O'Toole
14%
No matching quizzes found
Score Distribution
Percent of People with Each Score
Percentile by Number Answered
Your Score History
You have not taken this quiz